| 000 | 00815nam a22001577a 4500 | ||
|---|---|---|---|
| 003 | OSt | ||
| 005 | 20151208163446.0 | ||
| 008 | 151208b xxu||||| |||| 00| 0 eng d | ||
| 040 | _cRUA | ||
| 082 | _aATM NUT 2009 B196 Or.1 | ||
| 100 |
_94556 _aNUT, NARETH. |
||
| 245 | _aA comparison of effiency between drip-irrigation system and hand watering on the cucumber, ប្រៀបធៀបពីប្រសិទ្ធភាពនៃការស្រោចស្រពដោយដៃនិងការស្រោចស្រពដោយដំណក់ទឹកតាមរយៈប្រព័ន្ធហ្វើទីហ្គេសិនលើការលូតលាស់របស់ដំណាំត្រសក់ | ||
| 260 |
_aPhnom Penh _bRUA _c2009 |
||
| 300 |
_axiv; 59p. _bill. _c29cm. |
||
| 942 |
_2ddc _cATM |
||
| 999 |
_c4245 _d4245 |
||